[Event "Groningen op 60th"]
[Site "Groningen"]
[Date "2024.12.27"]
[Round "6"]
[White "Beerdsen, Thomas"]
[Black "Maatman, Nick"]
[Result "1/2-1/2"]
[WhiteElo "2502"]
[BlackElo "2375"]
[PlyCount "58"]
[EventDate "2024.12.21"]
[EventType "swiss"]
[EventRounds "9"]
[EventCountry "NED"]
[SourceTitle "CB02_2025"]
[SourceDate "2025.01.08"]
[SourceVersion "1"]
[SourceVersionDate "2025.01.08"]
[SourceQuality "1"]

1. e4 e5 2. Nf3 Nf6 3. Nxe5 d6 4. Nf3 Nxe4 5. d4 d5 6. Bd3 Be7 7. 0-0 Nc6 8. Re1 Bf5 9. Nc3 Nxc3 10. bxc3 Bxd3 11. Qxd3 0-0 12. Rb1 b6 13. Qf5 g6 14. Qh3 Qc8 15. Qxc8 Raxc8 16. Ne5 Nxe5 17. Rxe5 Rfe8 18. Rxd5 Bd6 19. Kf1 Re6 20. Rdb5 c5 21. Be3 cxd4 22. Bxd4 Rc4 23. Rd5 Kf8 24. h3 Ke7 25. g4 Ra4 26. Rb2 Ba3 27. Rb3 Bd6 28. Rb2 Ba3 29. Rb3 Bd6 1/2-1/2

[Event "Groningen op 60th"]
[Site "Groningen"]
[Date "2024.12.23"]
[Round "3"]
[White "Weber, Samuel"]
[Black "Maatman, Nick"]
[Result "1/2-1/2"]
[WhiteElo "2263"]
[BlackElo "2375"]
[PlyCount "82"]
[EventDate "2024.12.21"]
[EventType "swiss"]
[EventRounds "9"]
[EventCountry "NED"]
[SourceTitle "CB02_2025"]
[SourceDate "2025.01.08"]
[SourceVersion "1"]
[SourceVersionDate "2025.01.08"]
[SourceQuality "1"]

1. Nf3 Nf6 2. g3 c5 3. Bg2 Nc6 4. 0-0 e5 5. c4 d5 6. Qa4 Bd6 7. d4 cxd4 8. cxd5 Nxd5 9. Nxd4 exd4 10. Bxd5 0-0 11. Bxc6 bxc6 12. Qxd4 Qe7 13. Nc3 Re8 14. Bf4 Bc5 15. Qa4 Bh3 16. Qxc6 Rac8 17. Qf3 Bxf1 18. Kxf1 Red8 19. h4 Bd4 20. Nd1 Qf6 21. Qb3 h6 22. h5 Be5 23. Bxe5 Qxe5 24. Qf3 Rd2 25. Rb1 Rc5 26. Nc3 Rd8 27. Ne4 Ra5 28. a3 Qxh5 29. Qxh5 Rxh5 30. Kg2 Re5 31. Kf3 f5 32. Nc3 g5 33. b4 Rc8 34. Rb3 Kg7 35. e3 h5 36. Ne2 Rd5 37. Nd4 Kf6 38. b5 g4+ 39. Ke2 Rd6 40. Rb4 Rc7 41. a4 Kg6 1/2-1/2

[Event "Titled Tuesday intern op 27th Aug Early"]
[Site "Chess.com INT"]
[Date "2024.08.27"]
[Round "4"]
[White "Maatman, Nick"]
[Black "Kanyamarala, Trisha"]
[Result "1-0"]
[WhiteElo "2383"]
[BlackElo "2165"]
[PlyCount "109"]
[EventDate "2024.08.27"]
[EventType "swiss (blitz)"]
[EventRounds "11"]
[EventCountry "USA"]
[SourceTitle "EXT 2025"]
[Source "ChessBase"]
[SourceDate "2024.10.14"]
[SourceVersion "1"]
[SourceVersionDate "2024.10.14"]
[SourceQuality "1"]

1. d4 Nf6 2. c4 e6 3. Nc3 b6 4. e4 Bb7 5. e5 Ne4 6. Nf3 Bb4 7. Qc2 0-0 8. Bd3 Bxc3+ 9. bxc3 f5 10. 0-0 d5 11. cxd5 Bxd5 12. a4 Nd7 13. a5 c5 14. c4 Bc6 15. Bb2 cxd4 16. Nxd4 Nxe5 17. Bxe4 Bxe4 18. Qc3 Re8 19. f4 Ng4 20. Nxf5 Qc7 21. Nxg7 Qc5+ 22. Kh1 Nf2+ 23. Rxf2 Qxf2 24. Rg1 e5 25. Nxe8 Rxe8 26. axb6 axb6 27. fxe5 Re6 28. Qd4 Qxd4 29. Bxd4 Rc6 30. Rc1 Bd5 31. Kg1 Bxc4 32. Bxb6 Kf7 33. Bd4 Ke6 34. Kf2 Kd5 35. Bc3 Bd3 36. Ke3 Bg6 37. Rd1+ Ke6 38. Bd4 Ra6 39. Rd2 Ra3+ 40. Kf2 Ra4 41. g4 Ra8 42. Kg3 Re8 43. h4 Rg8 44. Kf4 Rf8+ 45. Kg5 Be4 46. h5 Rg8+ 47. Kh4 Bf3 48. g5 Be4 49. Rf2 Bf5 50. Ra2 Rd8 51. Ra6+ Kd5 52. Bb2 Ke4 53. Ra4+ Kf3 54. Bc1 Rd1 55. Rf4+ 1-0

[Event "Dutch op"]
[Site "Velp"]
[Date "2024.07.30"]
[Round "7"]
[White "Beerdsen, Thomas"]
[Black "Maatman, Nick"]
[Result "1-0"]
[WhiteElo "2510"]
[BlackElo "2383"]
[PlyCount "71"]
[EventDate "2024.07.23"]
[EventType "swiss"]
[EventRounds "9"]
[EventCountry "NED"]
[SourceTitle "EXT 2025"]
[Source "ChessBase"]
[SourceDate "2024.10.14"]
[SourceVersion "1"]
[SourceVersionDate "2024.10.14"]
[SourceQuality "1"]

1. e4 c5 2. Nf3 d6 3. d4 cxd4 4. Nxd4 Nf6 5. Nc3 Nc6 6. Bg5 g6 7. Bb5 Bd7 8. Bxf6 exf6 9. 0-0 Bg7 10. Qd2 0-0 11. Rad1 Nxd4 12. Qxd4 f5 13. Qxd6 Bxb5 14. Nxb5 Qa5 15. Qd5 fxe4 16. Qb3 Rae8 17. Rd7 Qb6 18. Rd6 Qc5 19. Rd5 Qb6 20. Re1 Re7 21. c4 a6 22. Nc3 Qxb3 23. axb3 f5 24. f3 Rfe8 25. fxe4 Bxc3 26. bxc3 Rxe4 27. Rxe4 Rxe4 28. Rd7 Re3 29. Rxb7 Rxc3 30. Kf2 a5 31. Ke2 Rc2+ 32. Kd3 Rxg2 33. c5 Rg1 34. c6 Rd1+ 35. Ke2 Rd8 36. c7 1-0

[Event "Dutch op"]
[Site "Velp"]
[Date "2024.07.25"]
[Round "3"]
[White "Maatman, Nick"]
[Black "Labruyere, Roger"]
[Result "1/2-1/2"]
[WhiteElo "2383"]
[BlackElo "2170"]
[PlyCount "153"]
[EventDate "2024.07.23"]
[EventType "swiss"]
[EventRounds "9"]
[EventCountry "NED"]
[SourceTitle "EXT 2025"]
[Source "ChessBase"]
[SourceDate "2024.10.14"]
[SourceVersion "1"]
[SourceVersionDate "2024.10.14"]
[SourceQuality "1"]

1. e4 c5 2. Nf3 d6 3. d4 cxd4 4. Nxd4 Nf6 5. Nc3 a6 6. Be3 e5 7. Nf3 Be7 8. Bc4 0-0 9. Bb3 Nbd7 10. Nd2 b5 11. a4 Bb7 12. axb5 axb5 13. 0-0 Rxa1 14. Qxa1 b4 15. Nd5 Nxd5 16. exd5 Nf6 17. Qa4 Nxd5 18. Bxd5 Bxd5 19. Qxb4 Qa8 20. f3 Rb8 21. Qc3 Be6 22. b3 Rc8 23. Qb2 f5 24. c4 Bf6 25. f4 Qb7 26. Rb1 h6 27. Qa3 Qc6 28. Qa4 Qxa4 29. bxa4 Bxc4 30. Rc1 Ba6 31. Rxc8+ Bxc8 32. Nc4 exf4 33. Nxd6 Bd7 34. Bxf4 g5 35. Bd2 Bd4+ 36. Kf1 Be5 37. Bb4 Bxh2 38. a5 Be5 39. Bc5 Kg7 40. Kf2 f4 41. a6 Bxd6 42. Bxd6 Bc6 43. a7 Kg6 44. Bf8 h5 45. Be7 Kf5 46. Bd8 Ba8 47. Be7 Kg4 48. Bd8 Bb7 49. Be7 h4 50. Bd8 Kh5 51. Bc7 Ba8 52. Bd6 Kg6 53. Be7 Kh6 54. Bd8 Bb7 55. Be7 Bc6 56. Bd8 Kh5 57. Bc7 Bd5 58. Bd6 Bc6 59. Bc7 Kg4 60. Bd8 f3 61. gxf3+ Bxf3 62. Be7 Bb7 63. Bd8 Ba8 64. Be7 Kf4 65. Bd8 Kf5 66. Be7 Kg6 67. Bd8 Kh5 68. Be7 g4 69. Bd6 Kg6 70. Bc7 Kf5 71. Bd6 Ke6 72. Bc7 Kd7 73. Bf4 Kc8 74. Bg3 hxg3+ 75. Kxg3 Bf3 76. a8Q+ Bxa8 77. Kxg4 1/2-1/2

[Event "Hilversum op"]
[Site "Hilversum"]
[Date "2024.06.23"]
[Round "5"]
[White "Grutter, Tim"]
[Black "Maatman, Nick"]
[Result "1/2-1/2"]
[WhiteElo "2313"]
[BlackElo "2380"]
[PlyCount "50"]
[EventDate "2024.06.21"]
[EventType "swiss"]
[EventRounds "6"]
[EventCountry "NED"]
[SourceTitle "CBM 220 Extra"]
[Source "ChessBase"]
[SourceDate "2024.07.31"]
[SourceVersion "1"]
[SourceVersionDate "2024.07.31"]
[SourceQuality "1"]

1. e4 c5 2. Nf3 d6 3. d4 cxd4 4. Nxd4 Nf6 5. Nc3 Nc6 6. Bg5 Bd7 7. Nxc6 bxc6 8. Bxf6 exf6 9. Bc4 Be7 10. 0-0 0-0 11. Qd3 Qa5 12. Rfe1 Rad8 13. Bb3 Bc8 14. Rad1 Ba6 15. Qe3 Qc7 16. Ne2 Rfe8 17. Qc3 Bf8 18. Nd4 Rc8 19. Qf3 Re5 20. Qc3 Bb7 21. Nf3 Ree8 22. Nd2 Rcd8 23. Qg3 Bc8 24. Qf4 Qe7 25. h3 Qe5 1/2-1/2

[Event "Groningen Combinatie op"]
[Site "Groningen"]
[Date "2024.05.12"]
[Round "7"]
[White "Palchuk, Andrii"]
[Black "Maatman, Nick"]
[Result "1/2-1/2"]
[WhiteElo "2364"]
[BlackElo "2395"]
[PlyCount "50"]
[EventDate "2024.05.09"]
[EventType "swiss"]
[EventRounds "7"]
[EventCountry "NED"]
[SourceTitle "CBM 220 Extra"]
[Source "ChessBase"]
[SourceDate "2024.07.31"]
[SourceVersion "1"]
[SourceVersionDate "2024.07.31"]
[SourceQuality "1"]

1. d4 Nf6 2. Nf3 e6 3. c4 b6 4. g3 Ba6 5. Nbd2 Bb7 6. Bg2 Be7 7. 0-0 0-0 8. b3 c5 9. Bb2 Qc7 10. e3 d6 11. Qe2 Nbd7 12. Rac1 Rac8 13. Rfd1 Qb8 14. Nb1 Qa8 15. Ne1 Bxg2 16. Nxg2 Rfd8 17. Nc3 cxd4 18. exd4 d5 19. cxd5 Nxd5 20. Nxd5 Qxd5 21. Nf4 Qd6 22. d5 e5 23. Rc6 Rxc6 24. dxc6 Qxc6 25. Bxe5 Nxe5 1/2-1/2

[Event "Titled Tuesday intern op 23rd Apr Late"]
[Site "Chess.com INT"]
[Date "2024.04.23"]
[Round "5"]
[White "Valiyev, Shahin"]
[Black "Maatman, Nick"]
[Result "1-0"]
[WhiteElo "2244"]
[BlackElo "2397"]
[PlyCount "83"]
[EventDate "2024.04.23"]
[EventType "swiss (blitz)"]
[EventRounds "11"]
[EventCountry "USA"]
[SourceTitle "CBM 219 Extra"]
[Source "ChessBase"]
[SourceDate "2024.05.31"]
[SourceVersion "1"]
[SourceVersionDate "2024.05.31"]
[SourceQuality "1"]

1. e4 e5 2. Nf3 Nc6 3. Bb5 Nf6 4. 0-0 Nxe4 5. Re1 Nd6 6. Nxe5 Be7 7. Bf1 Nxe5 8. Rxe5 0-0 9. d4 Bf6 10. Re1 Re8 11. Bf4 Rxe1 12. Qxe1 Bxd4 13. Nc3 Ne8 14. Nd5 c6 15. Ne7+ Kf8 16. Nxc8 Rxc8 17. Qb4+ c5 18. Qxb7 Rc6 19. c3 Bf6 20. Bb5 Rb6 21. Qxd7 Qxd7 22. Bxd7 Rxb2 23. Re1 Be7 24. Bxe8 Kxe8 25. Bd6 Rb7 26. Bxc5 Kd8 27. Bxe7+ Rxe7 28. Rxe7 Kxe7 29. Kf1 Kd6 30. Ke2 Kc5 31. Kd3 f5 32. f4 a5 33. a3 Kb5 34. c4+ Ka4 35. Kc3 h5 36. h4 g6 37. c5 Kb5 38. Kd4 Kc6 39. a4 Kc7 40. Kd5 Kd7 41. c6+ Kc7 42. Kc5 1-0

[Event "NED-chT 2324"]
[Site "Netherlands"]
[Date "2024.03.23"]
[Round "8.8"]
[White "Zwirs, Nico"]
[Black "Maatman, Nick"]
[Result "1-0"]
[WhiteElo "2444"]
[BlackElo "2387"]
[PlyCount "91"]
[EventDate "2023.09.16"]
[EventType "team-tourn"]
[EventRounds "9"]
[EventCountry "NED"]
[SourceTitle "EXT 2025"]
[Source "ChessBase"]
[SourceDate "2024.10.14"]
[SourceVersion "1"]
[SourceVersionDate "2024.10.14"]
[SourceQuality "1"]
[WhiteTeam "Apeldoorn"]
[BlackTeam "Groningen Combinatie"]
[WhiteTeamCountry "NED"]
[BlackTeamCountry "NED"]

1. e4 e5 2. Nf3 Nc6 3. Bc4 Nf6 4. d3 Bc5 5. 0-0 d6 6. c3 a5 7. Re1 Ba7 8. Na3 h6 9. Nb5 Bb6 10. Be3 Bxe3 11. Rxe3 0-0 12. d4 Bg4 13. h3 Bh5 14. Be2 Bxf3 15. Bxf3 Qe7 16. Qd2 Nb8 17. Rd1 Na6 18. g3 Rfd8 19. Bg2 c6 20. Na3 Qc7 21. Ree1 b5 22. Nc2 Re8 23. Qd3 Qb6 24. Ne3 c5 25. Nf5 cxd4 26. cxd4 Nb4 27. Qb3 Rad8 28. a3 Nc6 29. dxe5 dxe5 30. Nd6 Re7 31. Qxb5 Qxb5 32. Nxb5 Rb7 33. Rxd8+ Nxd8 34. a4 Rd7 35. Rc1 Ne6 36. Na3 Rd4 37. Nc4 Nc5 38. Nxe5 Ncxe4 39. b3 Rb4 40. Rc8+ Kh7 41. Rc4 Nd2 42. Rxb4 axb4 43. a5 Nxb3 44. a6 Ne8 45. a7 Nc7 46. Nd3 1-0

[Event "Oberliga Nord W 2324"]
[Site "Germany"]
[Date "2024.02.25"]
[Round "6.2"]
[White "Maatman, Nick"]
[Black "Kuegel, Tobias"]
[Result "1-0"]
[WhiteElo "2391"]
[BlackElo "2422"]
[PlyCount "117"]
[EventDate "2023.10.22"]
[EventType "team-tourn"]
[EventRounds "9"]
[EventCountry "GER"]
[SourceTitle "EXT 2025"]
[Source "ChessBase"]
[SourceDate "2024.10.14"]
[SourceVersion "1"]
[SourceVersionDate "2024.10.14"]
[SourceQuality "1"]
[WhiteTeam "Nordhorn Blanke"]
[BlackTeam "Kirchweyhe II"]
[WhiteTeamCountry "GER"]
[BlackTeamCountry "GER"]

1. e4 c5 2. Nf3 d6 3. d4 cxd4 4. Nxd4 Nf6 5. Nc3 g6 6. Be3 Bg7 7. f3 0-0 8. Qd2 Nc6 9. Bc4 Nxd4 10. Bxd4 Be6 11. Bxe6 fxe6 12. 0-0-0 Qa5 13. Kb1 Nd7 14. Bxg7 Kxg7 15. h4 Rac8 16. h5 g5 17. h6+ Kg6 18. Qe2 Ne5 19. f4 Rxf4 20. Qh5+ Kf6 21. Rdf1 Rxc3 22. Qe8 Nf7 23. Rxf4+ gxf4 24. bxc3 Qxc3 25. Qg8 Qg3 26. Qxg3 fxg3 27. Rh3 d5 28. exd5 exd5 29. Rxg3 Nxh6 30. Rb3 b6 31. Ra3 Nf5 32. Rxa7 Ne3 33. Kb2 Nxg2 34. Rb7 Ne3 35. Rxb6+ e6 36. Kb3 h5 37. a4 Nc4 38. Rb8 h4 39. Kb4 Kg7 40. Rb7+ Kg6 41. Rb8 Kg7 42. Kc5 Kf6 43. Rb1 Kf5 44. Ra1 Na5 45. Kb5 Nb7 46. a5 h3 47. a6 Nd6+ 48. Kc6 Nc8 49. Rb1 h2 50. Rh1 Ke4 51. Rxh2 Kd4 52. Rh8 Na7+ 53. Kb6 e5 54. Kxa7 e4 55. Kb6 Kc4 56. a7 Kb4 57. a8Q d4 58. Qa5+ Kc4 59. Qc5# 1-0

[Event "Oberliga Nord W 2324"]
[Site "Germany"]
[Date "2024.02.04"]
[Round "5.2"]
[White "Maatman, Nick"]
[Black "Simon, Ralf Axel"]
[Result "1-0"]
[WhiteElo "2391"]
[BlackElo "2029"]
[PlyCount "40"]
[EventDate "2023.10.22"]
[EventType "team-tourn"]
[EventRounds "9"]
[EventCountry "GER"]
[SourceTitle "EXT 2025"]
[Source "ChessBase"]
[SourceDate "2024.10.14"]
[SourceVersion "1"]
[SourceVersionDate "2024.10.14"]
[SourceQuality "1"]
[WhiteTeam "Nordhorn Blanke"]
[BlackTeam "Ricklingen"]
[WhiteTeamCountry "GER"]
[BlackTeamCountry "GER"]

1. e4 e5 2. Nf3 Nc6 3. Bc4 Nf6 4. d3 Bc5 5. a4 a5 6. Be3 Bxe3 7. fxe3 d5 8. exd5 Nxd5 9. Qe2 Be6 10. Nbd2 Qe7 11. 0-0 0-0 12. Kh1 Rad8 13. Rae1 Rfe8 14. Bb5 Bd7 15. Nc4 e4 16. dxe4 Qxe4 17. Ng5 Qg6 18. Nxf7 Nd4 19. Qd2 Bxb5 20. axb5 Rd7 1-0

[Event "NED-chT 2324"]
[Site "Netherlands"]
[Date "2024.02.03"]
[Round "6.3"]
[White "Maatman, Nick"]
[Black "Smeets, Kobe"]
[Result "1-0"]
[WhiteElo "2387"]
[BlackElo "2247"]
[PlyCount "69"]
[EventDate "2023.09.16"]
[EventType "team-tourn"]
[EventRounds "9"]
[EventCountry "NED"]
[SourceTitle "EXT 2025"]
[Source "ChessBase"]
[SourceDate "2024.10.14"]
[SourceVersion "1"]
[SourceVersionDate "2024.10.14"]
[SourceQuality "1"]
[WhiteTeam "Groningen Combinatie"]
[BlackTeam "Paul Keres"]
[WhiteTeamCountry "NED"]
[BlackTeamCountry "NED"]

1. c4 c6 2. Nf3 d5 3. e3 Nf6 4. Nc3 e6 5. b3 Nbd7 6. Qc2 Bd6 7. Bb2 0-0 8. Be2 b6 9. g4 Nxg4 10. Rg1 Nge5 11. Ng5 Nf6 12. f4 Ng6 13. h4 Re8 14. 0-0-0 e5 15. fxe5 Bxe5 16. Bd3 Qe7 17. Rdf1 d4 18. Nce4 dxe3 19. Nxf6+ Bxf6 20. Rxf6 gxf6 21. Ne4 e2 22. Nxf6+ Qxf6 23. Bxf6 e1Q+ 24. Rxe1 Rxe1+ 25. Kb2 Bg4 26. Qc3 c5 27. Bxg6 hxg6 28. Bh8 Kf8 29. Qg7+ Ke7 30. Qf6+ Kd7 31. Qxf7+ Kc8 32. Qg8+ Kb7 33. Qd5+ Kb8 34. Be5+ Rxe5 35. Qxe5+ 1-0

[Event "Titled Tuesday intern op 19th Dec Early"]
[Site "Chess.com INT"]
[Date "2023.12.19"]
[Round "5"]
[White "Hnydiuk, Aleksander"]
[Black "Maatman, Nick"]
[Result "0-1"]
[WhiteElo "2350"]
[BlackElo "2371"]
[PlyCount "120"]
[EventDate "2023.12.19"]
[EventType "swiss (blitz)"]
[EventRounds "11"]
[EventCountry "USA"]
[SourceTitle "CBM 217 Extra"]
[Source "ChessBase"]
[SourceDate "2024.01.31"]
[SourceVersion "1"]
[SourceVersionDate "2024.01.31"]
[SourceQuality "1"]

1. d4 Nf6 2. Nf3 d5 3. c4 e6 4. g3 Bb4+ 5. Bd2 a5 6. Bg2 0-0 7. 0-0 dxc4 8. Qc2 Bxd2 9. Nbxd2 b5 10. a4 c6 11. b3 cxb3 12. Nxb3 Nd5 13. Rfc1 Qe7 14. Ne5 b4 15. Nxc6 Nxc6 16. Qxc6 Bd7 17. Qc5 Qxc5 18. Rxc5 Rfc8 19. Bxd5 exd5 20. Rxa5 Rxa5 21. Nxa5 Ra8 22. Nb3 Rxa4 23. Rxa4 Bxa4 24. Nc5 Bb5 25. Kf1 Bc4 26. Ke1 g5 27. Kd2 Kg7 28. e3 Kf6 29. Nd3 Bxd3 30. Kxd3 Kf5 31. Kc2 Ke4 32. Kb3 Kf3 33. Kxb4 Kxf2 34. Kc5 Kxe3 35. Kxd5 f5 36. Ke5 f4 37. gxf4 gxf4 38. d5 f3 39. d6 f2 40. d7 f1Q 41. d8Q Qf4+ 42. Ke6 Qe4+ 43. Kf7 Qg6+ 44. Kf8 Qh6+ 45. Kg8 Qg6+ 46. Kh8 h5 47. Qh4 Kf3 48. Qh3+ Kf2 49. Qh4+ Kg2 50. Qf4 Qg4 51. Qd2+ Kh3 52. Kh7 h4 53. Kh6 Qg2 54. Qf4 Qxh2 55. Qf3+ Qg3 56. Qh1+ Kg4 57. Qd1+ Qf3 58. Qd7+ Kg3 59. Qd6+ Qf4+ 60. Qxf4+ Kxf4 0-1

[Event "Titled Tuesday intern op 19th Dec Early"]
[Site "Chess.com INT"]
[Date "2023.12.19"]
[Round "7"]
[White "Maatman, Nick"]
[Black "Cattaneo, Marco"]
[Result "1-0"]
[WhiteElo "2371"]
[BlackElo "2280"]
[PlyCount "65"]
[EventDate "2023.12.19"]
[EventType "swiss (blitz)"]
[EventRounds "11"]
[EventCountry "USA"]
[SourceTitle "CBM 217 Extra"]
[Source "ChessBase"]
[SourceDate "2024.01.31"]
[SourceVersion "1"]
[SourceVersionDate "2024.01.31"]
[SourceQuality "1"]

1. d4 g6 2. e4 Bg7 3. Nf3 c6 4. c4 d5 5. e5 Bg4 6. Nc3 e6 7. Be3 Nd7 8. cxd5 cxd5 9. Nb5 Ne7 10. Nd6+ Kf8 11. Nxf7 Qa5+ 12. Bd2 Qb6 13. Nxh8 Nf5 14. Bc3 Bxh8 15. h3 Bxf3 16. Qxf3 Kg8 17. Qd3 Rf8 18. 0-0-0 Bg7 19. Kb1 Ne7 20. f3 Nc6 21. Be2 a6 22. h4 Rc8 23. h5 Nf8 24. hxg6 hxg6 25. f4 Na5 26. Bxa5 Qxa5 27. Rc1 Rxc1+ 28. Rxc1 Bh6 29. g3 Qd8 30. a3 Kg7 31. Bg4 Qe7 32. Qc3 Kf7 33. Qc8 1-0

[Event "Oberliga Nord W 2324"]
[Site "Germany"]
[Date "2023.11.19"]
[Round "2.2"]
[White "Tonndorf, Matthias"]
[Black "Maatman, Nick"]
[Result "0-1"]
[WhiteElo "2206"]
[BlackElo "2391"]
[PlyCount "80"]
[EventDate "2023.10.22"]
[EventType "team-tourn"]
[EventRounds "9"]
[EventCountry "GER"]
[SourceTitle "EXT 2025"]
[Source "ChessBase"]
[SourceDate "2024.10.14"]
[SourceVersion "1"]
[SourceVersionDate "2024.10.14"]
[SourceQuality "1"]
[WhiteTeam "Hameln"]
[BlackTeam "Nordhorn Blanke"]
[WhiteTeamCountry "GER"]
[BlackTeamCountry "GER"]

1. e4 e6 2. d4 d5 3. e5 c5 4. c3 Qb6 5. Nf3 Nc6 6. a3 c4 7. Nbd2 Na5 8. g3 Bd7 9. Nh4 Be7 10. Ng2 h5 11. h4 g6 12. Ne3 Nh6 13. Bg2 Nb3 14. Nxb3 Ba4 15. Qe2 Qxb3 16. 0-0 0-0-0 17. Bd2 Kb8 18. Rfc1 Qb6 19. f4 Ka8 20. Be1 Rc8 21. Bh3 Qd8 22. Nf1 Rc6 23. Rcb1 Rb6 24. Nh2 Qd7 25. Nf3 Qb5 26. Bf2 Qb3 27. Ne1 Rc8 28. Qf3 Qb5 29. Bf1 Qd7 30. Qe3 Nf5 31. Qd2 Bb3 32. Bh3 Rh8 33. Bxf5 gxf5 34. Nf3 Qc6 35. Kg2 Ba4 36. Re1 Qe8 37. Re2 Qb5 38. Rh1 Kb8 39. Qe3 Qe8 40. Ng5 Bb3 0-1